Quizzes
Events
Quiz Creation
Community
Videos
Private Events
Remove Ads
Sign In
Join for FREE
Feedback
Dark Mode
Quiz Categories
Sports
Geography
Music
Movies
Television
Just For Fun
Miscellaneous
History
Literature
Language
Science
Gaming
Entertainment
Religion
Holiday
For Kids
Quiz Lab
Recent
Popular Today
Quiz Kudos Today
Editor Picks
Curator Picks
Quizzes by...
Day
Popularity
Type
Ratings
Length
Year
Community
Subscriptions
Recent Discussions
Orange Saloon
Badges
Playlists
Quests
Create
Leaderboards
Showdown
Live 5
Trivia Bingo
Activity
Puzzle Library
Sporcle Events
Private Events
Virtual Trivia
Globe League
Become a Host
Pub Owners
SporcleCon
Opinionation
Our Games
Videos
Blog
Mobile Apps
Partnerships
Remove Ads and Go Orange
Feedback
Television
TV Characters
TV Show
Sitcom
Network
Friends
Reality Shows
Cast
South Park
Star Trek
The Simpsons
Doctor Who
Television
TV Characters
TV Show
Sitcom
Network
Friends
Reality Shows
Cast
South Park
Star Trek
The Simpsons
Doctor Who
Random Quiz
Search Sporcle
×
Quiz Lab
Quiz Lab
Television
Return
Type in answers that appear in a list
Type in answers that appear in a list
Classic
Best Score? Go Orange.
Tracy beaker returns characters Stats
Can you name the tracy beaker returns characters?
By
skribbel123
5m
25 Questions
1,138 Plays
1,138 Plays
1,138 Plays
Comments
Comments
Give Quiz Kudos
Give Quiz Kudos
-
- Ratings
hide this ad
More Info
Replay
Link that replays current quiz
Next Quiz
Link to next quiz in quiz playlist
You Got
0%
They Got
Avg Score
69%
Avg Friend Score
Upgrade to see
Score Distribution
Jump to the score distribution portion of the page
Score
0/25
Timer
05:00
0
Plays Today
hint
character
% Correct
head careworker
mike
97.6%
main character
tracy
97.1%
secendery worker
gina
95.1%
is fond of her sisters
lily
93.1%
keeps getting arrested
liam
92.9%
is very close to his grandad
frank
92.4%
has a teddy called jeff
harry
90.7%
dislikes change/
organised
Gus
89.5%
sister of above
poppy
88.7%
sister of above
rosie
87.7%
loves art
sapphire
83.2%
has parents in prison for fraud
rick
79.7%
is sweet and kind
tee
68%
hint
character
% Correct
loves anything pink
carmen
67.3%
tracys foster mum
cam
67%
loves comics and deadly virus books
toby
65%
is determained to be fostered
johnny
63.3%
has blue hair highlights
elektra
62%
tracys boyfriend
seth
62%
pushes tracy down the stairs
kitty
56.1%
comes off the streets/
is scared of water
jody
51%
is franks boyfriend
lizzane
33.6%
tracy's 'replacement'
melanie
28.2%
is the only kid who wets the bed
taylor
24.5%
0.5%
Quiz Playlist
Details
Report
Send in Message
Add To Playlist
More Info:
these characters are from series 1 episode 1 to series 3 episode 13 (entire show). tell me if i missed any :D made by emily
Classic:
Type in answers that appear in a list
Last Updated: Feb 16, 2017
Quiz Scoreboard
CHALLENGE
Sign Up to Join the Scoreboard
Show All
Scores
Hide
Comments
May contain spoilers
Recently Published
TV Characters by Other Roles V
by ghcgh
Television
5m
Decade Duel: World Leaders
by jenniferyan
History
4m
Alphabetical 'K' Countries by Flag Minefield
by ylime102
Geography
3m
More to Explore
Quiz From the Vault
Featured Blog Post
15 Basketball Trivia Facts You Can Be March Mad About
hide this ad
You Might Also Like...
Tags
Beaker
Character
Return
Tracy
Today's Top Quizzes in Television
Browse Television
hide this ad
Today's Top Quizzes in Return
Browse Return
Top Contributed Quizzes in Television
1
Hidden Simpsons Character
2
TV Characters by Other Roles VI
3
One Piece Logic Puzzle
4
Friends Cast Members by Other Roles
5
First Name TV: Leading Men
6
Hidden Simpsons Character XXIV
7
Grey's Anatomy Logic Puzzle
8
First Name TV: Leading Women Drama
9
Hidden Simpsons Character XXVI
10
Hidden Simpsons Character XXV
Explore More
Trending Topics
Harry Potter
Anime
Disney
NBA
Marvel
Kpop
Crossword
Country
The Office
Song
NFL
WWE
Puzzle
Soccer
Pokémon
hide this ad
More By:
skribbel123
Quiz
Plays
Rating
Category
Featured
Created
tracy beaker returns characters
1,138
Television
Apr 4, 2012
fanboy and chum chum charecters
141
Television
Jul 8, 2011
hannah montana songs
74
1.00
Television
Dec 9, 2010
hannah charecters
25
1.00
Television
Dec 24, 2010
Go to Creator's Profile
Score Distribution
Quiz Creator Spotlight
skribbel123
Follow
Send a Message
Quizzes Created
-
Created Quiz Play Count
-
More By This Creator
Popular Quizzes Today
1
Countries of Asia Without Outlines Minefield
2
Find the US States - No Outlines Minefield
3
Pick 6: Fruits
4
The Countries of the World
5
Find the Countries of Europe - No Outlines Minefield
6
Alphabetical 'K' Countries by Flag Minefield
7
Find the US States
8
US States
More Television Quizzes
Click a Show, Initially - Spin-Offs
Published
Trending Quizzes
Pick 6: Mountains
Pick 6: Harry Potter
Pick 6: NFL Teams
Pick 6: Flags
C Names for Actors
Recently Updated
Adaptations: Name the Title
pecheneg
NWSL Teams
pecheneg
Women's Final Four Teams by Year
bhenderson79
Presidents Quartet II
eogle
Anything But Clue(do)
eogle
Anything But Oceanian Capitals
eogle
Anything But 7
eogle
Anything But Thing
eogle
Word Ladder: February 29
pecheneg
Song Title Questions
pecheneg
Trending Topics
Disney
Harry Potter
Marvel
Crossword
NBA
Kpop
Anime
The Office
WWE
Pokémon
Country
Puzzle
NFL
Song
Soccer
Your Account Isn't Verified!
In order to create a playlist on Sporcle, you need to verify the email address you used during registration. Go to your
Sporcle Settings
to finish the process.
Report this User
Report this user for behavior that violates our
Community Guidelines
.
Details:
Send Report
Go to the Sporcle.com Mobile Site →
Comments